000 00540nam a22001937a 4500
003 KOHA_MİRAKIL
005 20251125085506.0
008 251125b tu ||||| |||| 00| 0 tur d
020 _a9789750815720
040 _aTR-AnABB
_btur
_cTR-AnABB
041 _atur
082 _a813.42
_bOZD 2023
100 1 _aÖzdem, Filiz,
245 1 0 _aDüş Hırkası /
_cFiliz Özdem
260 _aİstanbul :
_bYapı Kredi Kültür Yayınları,
_c2023
300 _a129 sayfa ;
_c20 cm
650 0 4 _aTürk edebiyatı, roman
942 _2ddc
_cBK
999 _c9601
_d9601
900 _bGizem YORULMAZ